000 00680nam a2200205Ii 4500
003 JO-AjNU
008 230605s9999||||xx |||||||||||||| ||und||
040 _aJO-AjNU
_bara
_erda
_cJO-AjNU
041 _aara
050 1 4 _aHD58.7.H3522.1997
100 3 _aبدر، حامد احمد,
_eauthor
_938896
245 0 0 _aالسلوك التنظمي
250 _aط6
264 3 1 _aالكويت:دار القلم للنشر والتوزيع،1995
300 _a296
336 _atext
_btxt
_2rdacontent
337 _aunmediated
_bn
_2rdamedia
338 _avolume
_bnc
_2rdacarrier
650 4 _aادارة الاعمال-ادارة الافراد -السلوك التنظيمي
_938897
999 _aA16382
_c19950
_d19950